❔Les stations de tramway de Brest 🚊 - Statistiques

Statistiques générales
  • Ce quiz a Ă©tĂ© pris 202 fois
  • Le rĂ©sultat moyen est 17 sur 28
Statistiques - réponses
Réponse % Correct
Liberté
92%
Siam
89%
Place de Strasbourg
88%
Jean Jaurès
86%
Porte de Gouesnou
85%
Recouvrance
85%
Porte de Guipavas
84%
Porte de Plouzané
78%
Pilier Rouge
74%
Château
73%
Pontanézen
69%
Octroi
68%
Les Capucins
66%
Europe
65%
Saint-Martin
65%
Mac Orlan
54%
Dupuy de LĂ´me
49%
Eau Blanche
49%
Menez Paul
49%
Kergaradec
44%
Fort Montbarey
42%
Polygone
40%
Vali Hir
40%
Saint-Exupéry
35%
Mesmerrien
30%
Keranroux
27%
Coat Tan
26%
Kerlaurent
24%
Aucun quiz correspondant
Distribution des résultats
% des personnes avec chaque résultat
Percentile par nombre de réponses
Votre historique - résultats
Vous n’avez pas pris ce quiz